000 00343nam a2200121Ia 4500
008 231129s1986||||xx |||||||||||||| ||spa||
082 _aER- 507
100 _aPérez Ospina Hernán (seudónimo Sebastián Federiko)
245 0 _aLas laderas del volcán
260 _c1986
264 _aPereira: Gráficas Olí­mpica 1986
942 _2ddc
_cBKS
999 _c18794
_d18794